Bystřice pod Hostýnem : město 20. výročí osvobození - Vzorné město okresu Kroměříž - Vzorné město Jihomoravského kraje /

Další autoři: Chytil, František
Jazyk: Čeština
Vydáno: Bystřice pod Hostýnem : Městský národní výbor, 1968
Externí odkaz: Digitalizovaný dokument
Fyzický popis: 55 s. : il.
Knihy
Uloženo v:
LEADER 01232nam a22002772a 4500
001 001320662
003 CZ BrMZK
005 20251103083153.0
007 ta
008 130826s1968 xr a er|||||||||||cze d
015 |a cnb000450459 
035 |a (OCoLC)42132061 
040 |a ABA001  |b cze  |d BOA001 
080 9 |a 943.73 Bystřice pod Hostýnem ''1368/1965"(083.85) 
245 0 0 |a Bystřice pod Hostýnem :  |b město 20. výročí osvobození - Vzorné město okresu Kroměříž - Vzorné město Jihomoravského kraje /  |c zpracoval František Chytil 
260 |a Bystřice pod Hostýnem :  |b Městský národní výbor,  |c 1968 
300 |a 55 s. :  |b il. 
504 |a Obsahuje bibliografii 
500 |a Dostupné též v digitální podobě v aplikaci Kramerius 
700 1 |a Chytil, František  |4 edt 
856 4 1 |u http://www.digitalniknihovna.cz/mzk/uuid/uuid:691e2270-bec6-11f0-8bee-0050568d319f  |y Digitalizovaný dokument  |x NDK 
910 |a BOA001  |b 2-0616.973  |b 2-0616.974 
990 |a BK 
991 |b 201308 
996 6 |b 2619686444  |c 2-0616.974  |l Sklad H1  |r Sklad / do 24 hodin  |n 1  |h HS212  |w 001355657  |u 000020  |a 1  |e BOA001  |j MZK50  |s P 
996 7 |b 2619686445  |c 2-0616.973  |l Sklad H1  |r Sklad / do 24 hodin  |n 2  |h HS212  |w 001355657  |u 000010  |a 1  |e BOA001  |j MZK50  |s A